01326nam a2200325Ia 4500001001200000003000800012006001900020007001500039008004100054010001700095015001500112020001500127020002300142020002200165040002100187035002100208050002400229082001600253245012900269260004900398300001700447504005100464533015200515650007300667650006500740655002900805700002300834710001700857856012600874ebr10135637CaPaEBRm u cr cn|||||||||020918s2003 nyu sb 001 0 eng d z 2002035260 aGBA3-40966 z1403982562 z031229591X (cloth) z1403960542 (pbk.) aCaPaEBRcCaPaEBR a(OCoLC)56046786214aLB1778b.D43 2003eb04a378.1/222104aThe Decline of the guruh[electronic resource] :bthe academic profession in the Third World /cedited by Philip G. Altbach. aNew York, N.Y. :bPalgrave Macmillan,c2003. aviii, 338 p. aIncludes bibliographical references and index. aElectronic reproduction.bPalo Alto, Calif. :cebrary,d2007.nAvailable via World Wide Web.nAccess may be limited to ebrary affiliated libraries. 0aCollege teachersxSelection and appointmentvCross-cultural studies. 0aCollege teachersxSocial conditionsvCross-cultural studies. 7aElectronic books.2local1 aAltbach, Philip G.2 aebrary, Inc.40uhttp://site.ebrary.com/lib/rucke/Doc?id=10135637zAn electronic book accessible through the World Wide Web; click to view